Normal view
MARC view
Entry Personal Name
001 - CONTROL NUMBER
- control field: 38728
003 - CONTROL NUMBER IDENTIFIER
- control field: dpl
005 - DATE AND TIME OF LATEST TRANSACTION
- control field: 20120110103546.0
008 - FIXED-LENGTH DATA ELEMENTS
- fixed length control field: 120110|||a|||||| | ||| d
040 ## - CATALOGING SOURCE
- Original cataloging agency: dpl
- Transcribing agency: dpl
100 ## - HEADING--PERSONAL NAME
- Personal name: Rakesh P. Singh
670 ## - SOURCE DATA FOUND
- Source citation: Work cat.: (dpl): Ailawadi, Satish C. 38727, Logistics management /, 2012
670 ## - SOURCE DATA FOUND
- Source citation: Work cat.: (dpl): Ailawadi, Satish C. 38727, Logistics management /, 2012
